LEADER 01353nam a2200289 4500 001 000000353651 003 CaOOAMICUS 005 20230505161125.0 008 230505s2020 it 000 u ita r 020 $a978-88-551-9181-4 040 $aSeMil$bita 100 1 $aLatour, Bruno,$d<1947-2022>.$0(OLS)http://semarc/name/78992 240 10$aFace à Gaïa.$0(OLS)http://semarc/title/443755 245 13$aLa sfida di Gaia :$bil nuovo regime climatico /$cBruno Latour ; prefazione di Luca Mercalli ; traduzione di Donatella Caristina. 264 1$aMilano :$bMeltemi,$c2020. 300 $a419 p. ;$c21 cm 490 1 $aBiblioteca. Antropologia ;$v39 650 4$aUomo - Rapporti [con l'] Ambiente naturale.$0(OLS)http://semarc/subject/57862 700 1 $aMercalli, Luca,$d<1966->.$0(OLS)http://semarc/name/117528 700 1 $aCaristina, Donatella.$0(OLS)http://semarc/name/117529 830 0$aBiblioteca. Antropologia ;$v39.$0(OLS)http://semarc/title/443757 850 $aSeMil 852 $aSeMil$W1$xVenegono$y1$m3X II 237$j240053$B244879$CSeMilBibl$Z2$F244879 $81 996 $6020$a978-88-551-9181-4$9(OLS)http://semarc/number/298077 996 $6245$aLa sfida di Gaia :$bil nuovo regime climatico$9(OLS)http://semarc/title/443756 996 $6264$aMilano :$bMeltemi$9(OLS)http://semarc/publisher/59666 LEADER 01687nam a2200265 i 4500 001 000000080849 003 CaOOAMICUS 005 20170324000000.0 008 170324s2011 it u000 u ita u 013 $a53087 040 $aSeMil$bita 100 1 $aPiave, Francesco Maria.$0(OLS)http://semarc/name/74123 245 10$aMacbeth :$bmelodramma in quattro atti. Orchestra e coro del Teatro dell'Opera. Allestimento in coproduzione con il Salzburger Festspiele. Teatro dell'Opera 27, 29 novembre, 1, 3, 6, 9, 11 dicembre 2011 /$clibretto di Francesco Maria Piave e Andrea Maffei da William Shakespeare ; musica di Giuseppe Verdi ; Maestro concertatore e Direttore Riccardo Muti ; regia Peter Stein ; Maestro del coro .. 260 $aRoma :$bTeatro dell'Opera di Roma,$c2011. 300 $a233 p. :$bill. ;$c24 cm. 650 4$aShakespeare, William <1564-1616> - Opere.$0(OLS)http://semarc/subject/3624 700 1 $aMaffei, Andrea,$d<1798-1885>.$0(OLS)http://semarc/name/11162 700 1 $aStein, Peter,$d<1926-2016>.$0(OLS)http://semarc/name/91534 700 1 $aMuti, Riccardo,$d<1941- >.$0(OLS)http://semarc/name/8679 700 1 $aVerdi, Giuseppe <1813-1901>.$0(OLS)http://semarc/name/20656 850 $aSeMil 852 $aSeMil$W1$xVenegono$y1$m3Q IV 78$j46221$B46221$CSeMilBibl$Z2$F48446 $81 961 $aOmaggio: Perego don Stefano 996 $6245$aMacbeth :$bmelodramma in quattro atti. Orchestra e coro del Teatro dell'Opera. Allestimento in coproduzione con il Salzburger Festspiele. Teatro dell'Opera 27, 29 novembre, 1, 3, 6, 9, 11 dicembre 2011$9(OLS)http://semarc/title/404183 996 $6260$aRoma :$bTeatro dell'Opera di Roma$9(OLS)http://semarc/publisher/52240